MARC

Tag First Indicator Second Indicator Subfields
LEADER 00000cam a2200000 a 4500
001 in00001332821
005 20151006052238.0
008 970219s1996 txu bs s000 0 eng d
035 |a (OCoLC)36413531 
035 |9 AHF8546AM 
040 |a IKM  |c IKM  |d TXA  |d UtOrBLW 
049 |a TXAO 
086 |a C3400.8 R299AC 1996  |2 txdocs 
110 2 |a Texas Academic Skills Program. 
245 1 0 |a Report on academic advising. 
264 1 |a [Austin, Tex.] :  |b Texas Academic Skills Program, Texas Higher Education Coordinating Board,  |c [1996] 
300 |a iv, 45 pages ;  |c 28 cm. 
336 |a text  |b txt  |2 rdacontent 
337 |a unmediated  |b n  |2 rdamedia 
338 |a volume  |b nc  |2 rdacarrier 
500 |a Cover title. 
500 |a "December 1996." 
504 |a Includes bibliographical references (page 45). 
610 2 0 |a Texas Academic Skills Program. 
650 0 |a Counseling in higher education  |z Texas. 
650 0 |a Counseling in higher education  |z Texas  |x Statistics. 
650 0 |a Faculty advisors  |z Texas. 
650 0 |a College student development programs  |z Texas. 
710 2 |a Texas Higher Education Coordinating Board. 
999 |a MARS 
999 f f |s 0991bfd5-84f1-35bc-85e7-af21426c8a82  |i 5fa5b9da-191a-39f2-8e46-a56d280ba7cd  |t 0 
952 f f |p normal  |a Texas A&M University  |b College Station  |c Sterling C. Evans Library  |d Evans: Texas Documents (Annex 5th floor)  |t 0  |e C3400.8 R299AC 1996  |h Superintendent of Documents classification  |i unmediated -- volume  |m A14820678040 
998 f f |a C3400.8 R299AC 1996  |t 0  |l Evans: Texas Documents (Annex 5th floor)